|
|
|
|
| LEADER |
01169nam a2200229 a 4500 |
| 001 |
GR-Patra22289 |
| 008 |
070716s2006 gr g 000 0 gre d |
| 020 |
|
|
|a 960782749X
|
| 040 |
|
|
|a GrPaTEI
|b gre
|c GR-PaULI
|
| 040 |
|
|
|a GrPaTEI
|b gre
|c GR-PaULI
|
| 082 |
|
0 |
|a 306.49512
|2 21
|
| 100 |
1 |
|
|a Κακλαμάνης, Νικήτας
|
| 245 |
1 |
0 |
|a Αθήνα :
|b αιώνια πολιστική πρωτεύουσα: η στρατηγική για τον πολιτισμό /
|c Νικήτας Κακλαμάνης.
|
| 260 |
|
|
|a Αθήνα :
|b Θεσσαλονίκη :
|b Ianos,
|c 2006
|
| 300 |
|
|
|a 117 σ.
|
| 651 |
|
4 |
|a Αθήνα
|x Πολιτισμός
|x Ιστορία
|
| 710 |
0 |
|
|a Ianos
|
| 942 |
|
|
|2 ddc
|
| 952 |
|
|
|0 0
|1 0
|2 ddc
|4 0
|6 306_495120000000000_ΚΑΚ
|7 0
|9 302413
|a LISK
|b LISK
|c BSC
|d 2021-01-17
|e 24
|f 0
|g 0.00
|l 0
|o 306.49512 ΚΑΚ
|p 92410032104
|r 2021-01-17 00:00:00
|t 1
|w 2021-01-17
|y BK15
|x 20070716 0 1
|x GrPaTEI
|
| 952 |
|
|
|0 0
|1 0
|2 ddc
|4 0
|6 306_495120000000000_ΚΑΚ
|7 1
|9 302414
|a LISK
|b LISK
|c BSC
|d 2021-01-17
|e 24
|f 0
|g 0.00
|l 0
|o 306.49512 ΚΑΚ
|p 92410032105
|r 2021-01-17 00:00:00
|t 1
|w 2021-01-17
|y BKN
|x 20070716 0 0
|x GrPaTEI
|
| 971 |
|
|
|a .b26698626
|b 08-10-20
|c 26-09-16
|
| 999 |
|
|
|c 175734
|d 175734
|